<?xml version="1.0" encoding="UTF-8"?>
<record
    xmlns:xsi="http://www.w3.org/2001/XMLSchema-instance"
    xsi:schemaLocation="http://www.loc.gov/MARC21/slim http://www.loc.gov/standards/marcxml/schema/MARC21slim.xsd"
    xmlns="http://www.loc.gov/MARC21/slim">

  <leader>01133nam a2200205 a 4500</leader>
  <controlfield tag="001">000046315</controlfield>
  <controlfield tag="005">20201002052802.0</controlfield>
  <controlfield tag="008">150723s2006    dr acd        000 0 spa d</controlfield>
  <datafield tag="020" ind1=" " ind2=" ">
    <subfield code="a">9945400010</subfield>
  </datafield>
  <datafield tag="100" ind1="1" ind2=" ">
    <subfield code="a">Rosa, Mar&#xED;a del Jes&#xFA;s de la</subfield>
    <subfield code="9">10954</subfield>
  </datafield>
  <datafield tag="245" ind1="1" ind2="0">
    <subfield code="a">Matem&#xE1;tica III &amp; IV :</subfield>
    <subfield code="b">educaci&#xF3;n media /</subfield>
    <subfield code="c">Mar&#xED;a del Jes&#xFA;s de la Rosa, Juan Antonio Manzueta, Francisca Antonia Medrano ; ilustraciones Daniel Bison&#xF3;.</subfield>
  </datafield>
  <datafield tag="260" ind1=" " ind2=" ">
    <subfield code="a">Santo Domingo :</subfield>
    <subfield code="b">Actualidad Escolar 2000,</subfield>
    <subfield code="c">2006.</subfield>
  </datafield>
  <datafield tag="300" ind1=" " ind2=" ">
    <subfield code="a">4 v. :</subfield>
    <subfield code="b">il., retrs., diagr. ;</subfield>
    <subfield code="c">28 cm.</subfield>
  </datafield>
  <datafield tag="500" ind1=" " ind2=" ">
    <subfield code="a">La biblioteca solamente posee el volumen III &amp; IV que pertenece al 2 grado del primer ciclo de la educaci&#xF3;n media.</subfield>
  </datafield>
  <datafield tag="505" ind1="0" ind2=" ">
    <subfield code="a">Matem&#xE1;tica III --</subfield>
    <subfield code="g">unidad 1 --</subfield>
    <subfield code="t">Razonamiento --</subfield>
    <subfield code="g">unidad 2 --</subfield>
    <subfield code="t">Estad&#xED;stica --</subfield>
    <subfield code="g">unidad 3 --</subfield>
    <subfield code="t">Relaciones y funciones --</subfield>
    <subfield code="g">unidad 4 --</subfield>
    <subfield code="t">Geometr&#xED;a --</subfield>
    <subfield code="a">Matem&#xE1;tica IV --</subfield>
    <subfield code="g">unidad 1 --</subfield>
    <subfield code="t">Geometr&#xED;a --</subfield>
    <subfield code="g">unidad 2 --</subfield>
    <subfield code="t">Trigonometr&#xED;a --</subfield>
    <subfield code="g">unidad 3 --</subfield>
    <subfield code="t">Movimientos del plano --</subfield>
    <subfield code="g">unidad 4 --</subfield>
    <subfield code="t">&#xC1;lgebra --</subfield>
  </datafield>
  <datafield tag="700" ind1="1" ind2=" ">
    <subfield code="a">Manzueta, Juan Antonio</subfield>
    <subfield code="9">74337</subfield>
  </datafield>
  <datafield tag="700" ind1="1" ind2=" ">
    <subfield code="a">Medrano, Francisca Antonia</subfield>
    <subfield code="9">31220</subfield>
  </datafield>
  <datafield tag="700" ind1="1" ind2=" ">
    <subfield code="a">Bison&#xF3;, Daniel</subfield>
    <subfield code="e">il.</subfield>
    <subfield code="9">74338</subfield>
  </datafield>
  <datafield tag="952" ind1=" " ind2=" ">
    <subfield code="0">0</subfield>
    <subfield code="1">0</subfield>
    <subfield code="7">1</subfield>
    <subfield code="8">PD</subfield>
    <subfield code="a">PD</subfield>
    <subfield code="b">PD</subfield>
    <subfield code="c">HD</subfield>
    <subfield code="d">2015-07-27</subfield>
    <subfield code="i">LF1</subfield>
    <subfield code="l">0</subfield>
    <subfield code="o"> </subfield>
    <subfield code="p">46315-10</subfield>
    <subfield code="r">2020-06-25</subfield>
    <subfield code="w">2020-06-25</subfield>
    <subfield code="y">LFPD</subfield>
    <subfield code="Z">No se presta</subfield>
  </datafield>
  <datafield tag="952" ind1=" " ind2=" ">
    <subfield code="0">0</subfield>
    <subfield code="1">0</subfield>
    <subfield code="7">1</subfield>
    <subfield code="8">PD</subfield>
    <subfield code="a">PD</subfield>
    <subfield code="b">PD</subfield>
    <subfield code="c">HD</subfield>
    <subfield code="d">2015-07-27</subfield>
    <subfield code="i">LF1</subfield>
    <subfield code="l">0</subfield>
    <subfield code="o"> </subfield>
    <subfield code="p">46315-20</subfield>
    <subfield code="r">2020-06-25</subfield>
    <subfield code="t">e. 2</subfield>
    <subfield code="w">2020-06-25</subfield>
    <subfield code="y">LFPD</subfield>
    <subfield code="Z">No se presta</subfield>
  </datafield>
  <datafield tag="999" ind1=" " ind2=" ">
    <subfield code="c">45804</subfield>
    <subfield code="d">45804</subfield>
  </datafield>
  <datafield tag="040" ind1=" " ind2=" ">
    <subfield code="a">DO-SdBNP</subfield>
  </datafield>
</record>
